Culture générale - numéro 7 - Statistiques

Statistiques générales
  • Ce quiz a été pris 230 fois
  • Le résultat moyen est 7 sur 15
Statistiques - réponses
Question Réponse % Correct
Quel nom porte le procès ayant jugé les grands criminels de guerre en 1945/1946? Procès de Nuremberg
80%
Comment dit on chevalier en anglais? Knight
78%
En quelle année a sombré le Titanic? 1912
75%
Quel nageur américain est le plus médaillé des JO? Michael Phelps
75%
Quel territoire la Russie a annexé en 2014? la Crimée
72%
Qui est le pilote le plus titré de Formule 1? Lewis Hamilton
59%
Quel pays à été crée le plus récemment? Soudan du Sud
47%
Comment se nomme le quartier de la Bourse à Londres? la City
41%
Quel mot rime parfaitement avec quatorze? Aucun
40%
Quelle maladie chronique provoque des zones dépigmentées de la peau? le Vitiligo
39%
Qui a chanté "Starman" en 1972 David Bowie
35%
Comment s'appelle le phénix d'Albus Dumbledore? Fumseck
28%
Quel oiseau à casque est parmi les plus dangereux d'Australie? le Casoar
28%
Quel nom portait auparavant Taïwan? Formose
22%
Quelle échelle mesure la vitesse des vents? Beaufort
17%
Aucun quiz correspondant
Distribution des résultats
% des personnes avec chaque résultat
Percentile par nombre de réponses
Votre historique - résultats
Vous n’avez pas pris ce quiz